RAW : Research and Analysis Wing / (Record no. 616846)

000 -LEADER
fixed length control field 00386nam a22001337a 4500
020 ## - INTERNATIONAL STANDARD BOOK NUMBER
Qualifying information HB.
040 ## - CATALOGING SOURCE
Transcribing agency FIZZA ISHAQ
082 ## - DEWEY DECIMAL CLASSIFICATION NUMBER
Classification number 821.914
Author Mark SAG
100 ## - MAIN ENTRY--PERSONAL NAME
Personal name Sagar, Tariq Ismail.
9 (RLIN) 67184
245 ## - TITLE STATEMENT
Title RAW : Research and Analysis Wing /
Statement of responsibility, etc. Tariq Ismail Sagar.
260 ## - PUBLICATION, DISTRIBUTION, ETC.
Place of publication, distribution, etc. LAHORE PAKISTAN:
Name of publisher, distributor, etc. GHQ, Services Book Club,
Date of publication, distribution, etc. 1998.
300 ## - PHYSICAL DESCRIPTION
Extent 240 P. ;
Dimensions 8.3 X 5.6 inches
942 ## - ADDED ENTRY ELEMENTS (KOHA)
Source of classification or shelving scheme
Koha item type Book
Holdings
Withdrawn status Lost status Source of classification or shelving scheme Damaged status Not for loan Permanent Location Current Location Shelving location Date acquired Total Checkouts Full call number Barcode Date last seen Price effective from Koha item type
          NUST Baluchistan Campus (NBC) NUST Baluchistan Campus (NBC) General Stacks 04/06/2026   821.914 SAG QD-979 04/06/2026 04/06/2026 Book
© 2023 Central Library, National University of Sciences and Technology. All Rights Reserved.